[Event "Reykjavik Open 2018"]
[Site "Reykjavik ISL"]
[Date "2018.03.07"]
[Round "2.55"]
[White "Kleinert, Juergen"]
[Black "Maxion, Dirk"]
[Result "0-1"]
[BlackTitle "FM"]
[WhiteElo "1887"]
[BlackElo "2187"]
[WhiteFideId "4659180"]
[BlackFideId "4601777"]
[EventDate "2018.03.06"]

1. e4 Nf6 2. Nc3 d6 3. d4 g6 4. Be2 Bg7 5. h4 Nc6 6. h5 gxh5 7. d5 Ne5 8. Bxh5
c6 9. Be2 Qa5 10. f3 cxd5 11. exd5 Bd7 12. Bh6 Bxh6 13. Rxh6 Qb6 14. Kf1 Qxb2
15. Ne4 Nxd5 16. Qxd5 Qxa1+ 17. Kf2 O-O-O 18. Rxd6 Bc6 19. Rxd8+ Rxd8 20. Qa5
Qd4+ 21. Kf1 Nc4 22. Qf5+ e6 23. Qxf7 Ne3+ 24. Kf2 Nxc2+ 25. Kf1 Qa1+ 26. Kf2
Qe1# 0-1

[Event "Reykjavik Open 2018"]
[Site "Reykjavik ISL"]
[Date "2018.03.07"]
[Round "2.56"]
[White "Finsterwalder, Sebastian"]
[Black "Goldammer, Christian"]
[Result "1-0"]
[WhiteElo "2187"]
[BlackElo "1885"]
[WhiteFideId "24632090"]
[BlackFideId "30947200"]
[EventDate "2018.03.06"]

1. d4 Nf6 2. c4 g6 3. Nc3 Bg7 4. e4 d6 5. h3 O-O 6. Bg5 c5 7. d5 e6 8. Bd3 exd5
9. cxd5 Nbd7 10. Nf3 a6 11. a4 Re8 12. O-O Qc7 13. Rc1 c4 14. Bb1 Nc5 15. Nd2
Bd7 16. Nxc4 b5 17. axb5 axb5 18. Nd2 b4 19. Ne2 Bb5 20. Re1 Nxd5 21. exd5 Bxb2
22. Ne4 Bxc1 23. Nf6+ Kg7 24. Nxe8+ Rxe8 25. Nxc1 Ne4 1-0

[Event "Reykjavik Open 2018"]
[Site "Reykjavik ISL"]
[Date "2018.03.07"]
[Round "2.57"]
[White "Davidsson, Oskar Vikingur"]
[Black "Pein, Jonathan"]
[Result "1/2-1/2"]
[WhiteElo "1882"]
[BlackElo "2184"]
[WhiteFideId "2310627"]
[BlackFideId "417092"]
[EventDate "2018.03.06"]

1. e4 d6 2. d4 Nf6 3. Nc3 Nc6 4. Nf3 Bg4 5. Be2 e5 6. d5 Ne7 7. h3 Bd7 8. Be3
Ng6 9. O-O Be7 10. Qd2 O-O 11. Bd3 Qc8 12. Ne2 Nh5 13. Kh2 f5 14. exf5 Bxf5 15.
Bxf5 Qxf5 16. Kg1 Nhf4 17. Bxf4 Nxf4 18. Nxf4 Qxf4 19. Qxf4 Rxf4 20. c3 c6 21.
Rad1 h5 22. Rfe1 Raf8 23. Re2 g5 24. b3 Rc8 25. c4 c5 26. Nd2 a6 27. Re4 Rcf8
28. f3 g4 29. hxg4 hxg4 30. Kf2 Kg7 31. Rxf4 Rxf4 1/2-1/2

[Event "Reykjavik Open 2018"]
[Site "Reykjavik ISL"]
[Date "2018.03.07"]
[Round "2.58"]
[White "Janzelj, Lara"]
[Black "Puglia, Francesco"]
[Result "1-0"]
[WhiteTitle "WFM"]
[WhiteElo "2180"]
[BlackElo "1878"]
[WhiteFideId "14608391"]
[BlackFideId "2820060"]
[EventDate "2018.03.06"]

1. d4 Nf6 2. c4 g6 3. Nc3 d5 4. cxd5 Nxd5 5. e4 Nxc3 6. bxc3 Bg7 7. Qa4+ Bd7 8.
Qb3 c5 9. Bc4 O-O 10. d5 e6 11. dxe6 Bxe6 12. Bxe6 fxe6 13. Ne2 Qf6 14. O-O Nc6
15. Qxb7 Nb4 16. Bf4 Nd3 17. Bg3 Ne5 18. Rab1 h5 19. Qc7 Nc4 20. Rb7 h4 21. Bxh4
g5 22. Qxc5 gxh4 23. Qxc4 Rad8 24. Nd4 Rd6 25. f4 h3 26. Rf3 Qg6 27. Rg3 1-0

[Event "Reykjavik Open 2018"]
[Site "Reykjavik ISL"]
[Date "2018.03.07"]
[Round "2.59"]
[White "Johannsson, Birkir Isak"]
[Black "Vidic, Teja"]
[Result "1-0"]
[BlackTitle "WFM"]
[WhiteElo "1867"]
[BlackElo "2180"]
[WhiteFideId "2314673"]
[BlackFideId "14605511"]
[EventDate "2018.03.06"]

1. d4 Nf6 2. c4 e6 3. Nf3 d5 4. Nc3 Bb4 5. cxd5 exd5 6. Bg5 h6 7. Bh4 c5 8. e3
c4 9. Be2 Bf5 10. Nd2 g5 11. Bg3 Bd6 12. Rc1 O-O 13. Bxd6 Qxd6 14. b3 cxb3 15.
Qxb3 Nbd7 16. O-O a6 17. a4 Rac8 18. Qxb7 Ra8 19. Qb3 Rab8 20. Qa2 g4 21. a5 Rb7
22. Na4 Rfb8 23. Rc3 Rc7 24. Rfc1 Rxc3 25. Nxc3 Qb4 26. Nf1 Be6 27. Bd3 h5 28.
Ne2 Qb3 29. Qxb3 Rxb3 30. Rc3 Rb2 31. Rc8+ Kg7 32. Ra8 Ne4 33. Rxa6 Ndc5 34.
dxc5 Nxc5 35. Rb6 Nxd3 36. Rxb2 Nxb2 37. a6 Nc4 38. Nd4 Bc8 39. a7 Bb7 40. Nb5
Nb6 41. Nd2 Kf6 42. f3 gxf3 43. gxf3 Ke5 44. Nb3 Ba8 45. Kf2 h4 46. Nc7 Bc6 47.
Na5 Kd6 48. Nxc6 Kxc7 49. Ne5 f6 50. Ng6 Kb7 51. Nxh4 Kxa7 52. Kg3 Kb7 53. Kf4
Nc4 54. Ng6 Kc7 55. h4 Nd6 56. h5 Nf7 57. Kf5 Kd6 58. Kxf6 Nh6 59. Nh4 d4 60.
exd4 Kd5 61. Kg7 1-0

[Event "Reykjavik Open 2018"]
[Site "Reykjavik ISL"]
[Date "2018.03.07"]
[Round "2.60"]
[White "Cramling Bellon, Anna"]
[Black "Eiriksson, Sigurdur"]
[Result "1-0"]
[WhiteElo "2175"]
[BlackElo "1866"]
[WhiteFideId "32009232"]
[BlackFideId "2302314"]
[EventDate "2018.03.06"]

1. d4 Nf6 2. c4 g6 3. Nc3 d5 4. cxd5 Nxd5 5. e4 Nxc3 6. bxc3 Bg7 7. Qa4+ Bd7 8.
Qa3 O-O 9. Bg5 f6 10. Bc4+ Kh8 11. Be3 Nc6 12. h4 h6 13. Qc1 Kh7 14. Nf3 a6 15.
e5 Bf5 16. Bf4 Qd7 1-0

[Event "Reykjavik Open 2018"]
[Site "Reykjavik ISL"]
[Date "2018.03.07"]
[Round "2.61"]
[White "Andrason, Pall"]
[Black "Jacobsen, Mikkel Manosri"]
[Result "0-1"]
[BlackTitle "FM"]
[WhiteElo "1858"]
[BlackElo "2161"]
[WhiteFideId "2300630"]
[BlackFideId "1444514"]
[EventDate "2018.03.06"]

1. d4 c5 2. dxc5 e6 3. Nf3 Bxc5 4. e3 Nf6 5. Bd3 b6 6. O-O Bb7 7. b3 Be7 8. Bb2
O-O 9. c4 d6 10. Nbd2 Nbd7 11. Qe2 Rc8 12. Rac1 Rc5 13. Rfd1 Qb8 14. Nf1 Ne4 15.
Ba3 Rcc8 16. Ng3 f5 17. Nd4 Rf6 18. f3 Ng5 19. Qb2 Bf8 20. h4 Nf7 21. Nxe6 Rxe6
22. Bxf5 Re7 23. Qb1 g6 24. Bxg6 hxg6 25. Qxg6+ Kh8 26. Nf5 Nfe5 27. Bb2 Bxf3
28. gxf3 Rg7 29. Qxg7+ Bxg7 30. Nxg7 Rg8 31. f4 Rxg7+ 0-1

[Event "Reykjavik Open 2018"]
[Site "Reykjavik ISL"]
[Date "2018.03.07"]
[Round "2.62"]
[White "Adocchio, Giampiero"]
[Black "Agustsson, Hafsteinn"]
[Result "1-0"]
[WhiteElo "2157"]
[BlackElo "1853"]
[WhiteFideId "4666011"]
[BlackFideId "2302047"]
[EventDate "2018.03.06"]

1. e4 c5 2. Nf3 Nc6 3. d4 cxd4 4. Nxd4 Nf6 5. Nc3 e5 6. Ndb5 d6 7. Bg5 a6 8. Na3
b5 9. Bxf6 gxf6 10. Nd5 Bg7 11. c3 O-O 12. Nc2 f5 13. exf5 Bxf5 14. Nce3 Bg6 15.
g4 Be4 16. Rg1 Qh4 17. Rg3 Qxh2 18. Nf5 Rad8 19. Qd2 Bxf5 20. gxf5 Kh8 21. Rh3
Qg1 22. f6 1-0

[Event "Reykjavik Open 2018"]
[Site "Reykjavik ISL"]
[Date "2018.03.07"]
[Round "2.63"]
[White "Mirza, Diana"]
[Black "Cumming, Rhys"]
[Result "0-1"]
[WhiteTitle "WFM"]
[WhiteElo "1849"]
[BlackElo "2155"]
[WhiteFideId "2503999"]
[BlackFideId "470163"]
[EventDate "2018.03.06"]

1. e4 e5 2. Nf3 Nc6 3. Bc4 Bc5 4. c3 Nf6 5. d3 O-O 6. O-O d5 7. exd5 Nxd5 8. b4
Be7 9. b5 Na5 10. Bxd5 Qxd5 11. c4 Qd7 12. Qd2 e4 13. Ne5 Qe6 14. Bb2 b6 15.
dxe4 Re8 16. Qd5 Bd6 17. f4 Qxd5 18. cxd5 f6 19. Nc6 Nxc6 20. dxc6 Rxe4 21. Nc3
Rxf4 22. Rxf4 Bxf4 23. Nd5 Bd6 24. Re1 Kf7 25. Bd4 Bf5 26. h3 Rd8 27. Bf2 Be6
28. Ne3 Be5 29. a4 Rd2 30. Ng4 Bd4 31. Ne3 Ra2 32. Bg3 Be5 33. Bxe5 fxe5 34. Ng4
Bxg4 35. hxg4 Rxa4 36. Rxe5 Rxg4 37. Rd5 Re4 38. Rd3 Re8 39. Rd7+ Re7 40. Rd4
Kf6 41. Ra4 Ke5 42. Rxa7 Kd6 43. Ra8 Kc5 44. Rd8 Kxb5 45. Rd7 Re1+ 46. Kf2 Kxc6
47. Rxg7 Rh1 0-1

[Event "Reykjavik Open 2018"]
[Site "Reykjavik ISL"]
[Date "2018.03.07"]
[Round "2.64"]
[White "Karlsson, Mikael Johann"]
[Black "Densing, Gerd"]
[Result "1-0"]
[WhiteElo "2150"]
[BlackElo "1831"]
[WhiteFideId "2305194"]
[BlackFideId "24621013"]
[EventDate "2018.03.06"]

1. g3 c6 2. c4 d5 3. Nf3 Bf5 4. cxd5 cxd5 5. Qb3 Qd7 6. Nc3 e6 7. Ne5 Qc8 8. Bg2
Bd6 9. f4 Ne7 10. Nb5 Bc7 11. Qc3 Na6 12. b3 f6 13. Nf3 Qd7 14. a4 Bb6 15. Ba3
O-O 16. Nfd4 Rfc8 17. Qb2 Bc5 18. O-O Nb4 19. Rac1 b6 20. Kh1 a6 21. Nxf5 Nxf5
22. Nc3 Qe7 23. Bh3 g6 24. Bg2 Rc7 25. Bxb4 Bxb4 26. Nxd5 exd5 27. Rxc7 Qxc7 28.
Bxd5+ Kg7 29. Bxa8 1-0

[Event "Reykjavik Open 2018"]
[Site "Reykjavik ISL"]
[Date "2018.03.07"]
[Round "2.65"]
[White "Baldursson, Hrannar"]
[Black "Berg, Margar M."]
[Result "1-0"]
[WhiteElo "2130"]
[BlackElo "1811"]
[WhiteFideId "2301156"]
[BlackFideId "7200021"]
[EventDate "2018.03.06"]

1. e4 c5 2. Nf3 d6 3. d4 cxd4 4. Bb5+ Nc6 5. Nxd4 Bd7 6. Nc3 Nf6 7. O-O a6 8.
Be2 e6 9. Bg5 Be7 10. Qd2 Rc8 11. Rad1 Qa5 12. Nb3 Qc7 13. f4 h6 14. Bh4 Na5 15.
Nxa5 Qxa5 16. Kh1 Bc6 17. Bf3 Rd8 18. Qe1 O-O 19. Nd5 Qxe1 20. Nxe7+ Kh8 21.
Rfxe1 Bb5 22. b3 Nh7 23. e5 g5 24. fxg5 hxg5 25. Bg3 d5 26. Nxd5 exd5 27. Bxd5
Bc6 28. c4 Kg7 29. e6 fxe6 30. Bxe6 Nf6 31. Rxd8 Rxd8 32. Be5 Rd2 33. Bd5 Bxd5
34. cxd5 Rxd5 35. Kg1 Kg6 36. Bxf6 Kxf6 37. Kf2 Ra5 38. Re2 Kf5 39. Kf3 Rc5 40.
h3 Rc3+ 41. Re3 Rc2 42. a4 Kf6 43. g3 Rc1 44. Kg4 Rd1 45. Re4 a5 46. Re3 Rd4+
47. Kh5 Rd5 48. Rf3+ Ke6 49. g4 b5 50. Rf5 b4 51. Rxd5 Kxd5 52. Kxg5 Kd4 53. h4
Kc3 54. h5 Kxb3 55. h6 Kxa4 56. h7 b3 57. h8=Q Kb4 58. Kh5 a4 59. g5 a3 60. Qd4+
Kb5 61. Qc3 1-0

[Event "Reykjavik Open 2018"]
[Site "Reykjavik ISL"]
[Date "2018.03.07"]
[Round "2.66"]
[White "Jonsson, Pall G"]
[Black "Halldorsson, Bragi"]
[Result "0-1"]
[WhiteElo "1841"]
[BlackElo "2126"]
[WhiteFideId "2303205"]
[BlackFideId "2300907"]
[EventDate "2018.03.06"]

1. b4 e5 2. Bb2 Bxb4 3. Bxe5 Nf6 4. e3 Nc6 5. Bb2 O-O 6. Nf3 d5 7. Be2 Re8 8.
O-O Be6 9. Ng5 Bf5 10. d4 h6 11. Nf3 Ne4 12. c4 dxc4 13. Bxc4 Na5 14. Be2 Bd6
15. Nbd2 a6 16. Qa4 Nc6 17. Rac1 b5 18. Qd1 Nb4 19. a3 Nd5 20. Qb3 Nb6 21. Rfd1
Qe7 22. Ne5 Na4 23. Nb1 c5 24. Nc6 Bxh2+ 25. Kf1 Qh4 0-1

[Event "Reykjavik Open 2018"]
[Site "Reykjavik ISL"]
[Date "2018.03.07"]
[Round "2.68"]
[White "Bucher, Grant W"]
[Black "De Winter, Eric"]
[Result "0-1"]
[WhiteElo "2121"]
[BlackElo "1775"]
[WhiteFideId "413810"]
[BlackFideId "1033069"]
[EventDate "2018.03.06"]

1. e4 c5 2. Nf3 Nc6 3. Bb5 g6 4. Bxc6 dxc6 5. d3 Bg7 6. h3 h6 7. Nc3 e5 8. Be3
b6 9. Qd2 Be6 10. a4 Ne7 11. O-O f5 12. exf5 gxf5 13. Qe2 Ng6 14. Rfe1 Qf6 15.
a5 O-O 16. Na4 Rab8 17. axb6 axb6 18. Bd2 Rfe8 19. Bc3 Bd5 20. Qe3 Qd6 21. b3 f4
22. Qc1 Bxf3 23. gxf3 Nh4 24. Qd1 Qg6+ 0-1

[Event "Reykjavik Open 2018"]
[Site "Reykjavik ISL"]
[Date "2018.03.07"]
[Round "2.69"]
[White "Alderson, John K A"]
[Black "Kvamme, John A"]
[Result "1/2-1/2"]
[WhiteElo "1824"]
[BlackElo "2108"]
[WhiteFideId "422711"]
[BlackFideId "1500562"]
[EventDate "2018.03.06"]

1. c4 Nf6 2. g3 g6 3. Bg2 Bg7 4. Nc3 O-O 5. e4 d6 6. Nge2 Nc6 7. Rb1 a6 8. d3
Rb8 9. a3 b5 10. cxb5 axb5 11. b4 e5 12. O-O Nd4 13. Nxd4 exd4 14. Nd5 Nxd5 15.
exd5 Bf5 16. Be4 Qd7 17. Qc2 Rfe8 18. Bf4 Re7 19. Rfe1 Rbe8 20. Bg5 f6 21. Bd2
Bh3 22. Bg2 Bxg2 23. Kxg2 Qf5 24. Rxe7 Rxe7 25. Re1 Qxd5+ 26. Kg1 Rxe1+ 27. Bxe1
c6 28. f4 f5 29. Bf2 h5 30. a4 bxa4 31. Qxa4 Qb5 32. Qxb5 cxb5 33. h4 d5 34. Kf1
Kf7 35. Ke2 Bf8 36. Be1 Bd6 37. Bd2 Bc7 38. Kf3 Bd6 39. Be1 Be7 40. Bd2 1/2-1/2

[Event "Reykjavik Open 2018"]
[Site "Reykjavik ISL"]
[Date "2018.03.07"]
[Round "2.71"]
[White "Coffman, Charles Z"]
[Black "Jonsson, Gauti Pall"]
[Result "0-1"]
[WhiteElo "1814"]
[BlackElo "2104"]
[WhiteFideId "2091933"]
[BlackFideId "2309092"]
[EventDate "2018.03.06"]

1. e4 Nf6 2. e5 Nd5 3. c4 Nb6 4. d4 d6 5. exd6 cxd6 6. Nc3 g6 7. Be3 Bg7 8. Nf3
O-O 9. Rc1 Nc6 10. h3 Nd7 11. Be2 e5 12. O-O f5 13. dxe5 dxe5 14. Qd5+ Kh8 15.
Ng5 Qe7 16. Qd1 f4 17. h4 fxe3 18. Nd5 exf2+ 19. Kh1 Qd8 20. Bd3 Nc5 21. Bb1 Nd4
22. Rc3 Be6 23. b4 Bxd5 24. cxd5 Nd7 25. Nxh7 Kxh7 26. h5 Qg5 27. Rh3 Nf5 28.
hxg6+ Kg8 29. Rxf2 Ng3+ 30. Rxg3 Qxg3 31. Qh5 Rxf2 0-1

[Event "Reykjavik Open 2018"]
[Site "Reykjavik ISL"]
[Date "2018.03.07"]
[Round "2.72"]
[White "Buscar, Michael"]
[Black "Kvendseth, Thyra"]
[Result "1-0"]
[WhiteElo "2099"]
[BlackElo "1757"]
[WhiteFideId "2603616"]
[BlackFideId "1520628"]
[EventDate "2018.03.06"]

1. d4 Nf6 2. c4 g6 3. Nc3 Bg7 4. Nf3 d6 5. e4 O-O 6. h3 Nbd7 7. Be3 c5 8. d5 Ne8
9. Qc2 Ne5 10. Nd2 f5 11. f4 Nf7 12. O-O-O fxe4 13. Ndxe4 Nc7 14. g4 Bd7 15. Be2
Qb8 16. h4 Nh6 17. Rdg1 Qc8 18. Nf2 e5 19. fxe5 Bxe5 20. h5 g5 21. Nce4 Nf7 22.
h6 Qd8 23. Rh5 Bf4 24. Bxf4 gxf4 25. g5 Kh8 26. Nf6 Nxg5 27. Nxd7 Qxd7 28. Rhxg5 1-0

[Event "Reykjavik Open 2018"]
[Site "Reykjavik ISL"]
[Date "2018.03.07"]
[Round "2.73"]
[White "Ebner, Johann"]
[Black "Hjaltason, Elvar Orn"]
[Result "1-0"]
[WhiteElo "2070"]
[BlackElo "1639"]
[WhiteFideId "1603957"]
[BlackFideId "2315084"]
[EventDate "2018.03.06"]

1. d4 Nf6 2. c4 e6 3. Nf3 b6 4. g3 Bb7 5. Bg2 Be7 6. Nc3 Ne4 7. Bd2 d5 8. cxd5
Nxd2 9. Qxd2 exd5 10. O-O O-O 11. Ne5 c6 12. Rac1 Nd7 13. Rfd1 Bd6 14. f4 f6 15.
Nd3 Qe7 16. e4 dxe4 17. Bxe4 a6 18. Re1 Qd8 19. Qg2 Nb8 20. d5 Qd7 21. Na4 Bc7
22. dxc6 Bxc6 23. Bxc6 Nxc6 24. Rxc6 Qxd3 25. Rxc7 Qd4+ 26. Qf2 Qxa4 27. b3 Qb4
28. Ree7 Rfe8 29. Rxg7+ Kh8 30. Rxh7+ Kg8 31. Qf3 Qe1+ 32. Kg2 Qe2+ 33. Qxe2
Rxe2+ 34. Kf3 Rxa2 35. Kg4 Rb2 36. Kf5 Rd2 37. Kg6 1-0

[Event "Reykjavik Open 2018"]
[Site "Reykjavik ISL"]
[Date "2018.03.07"]
[Round "2.74"]
[White "Meier, Gerd"]
[Black "Lunn, Matthew"]
[Result "0-1"]
[WhiteElo "1804"]
[BlackElo "2069"]
[WhiteFideId "4682971"]
[BlackFideId "405485"]
[EventDate "2018.03.06"]

1. e4 c5 2. Nf3 Nc6 3. Nc3 d6 4. Bb5 Bd7 5. Bxc6 Bxc6 6. d4 cxd4 7. Qxd4 Nf6 8.
Bg5 Qa5 9. O-O-O h6 10. Bxf6 gxf6 11. Qd3 Rg8 12. g3 Bg7 13. Nd4 f5 14. Nb3 fxe4
15. Nxe4 Qxa2 16. Rhe1 Qxb2+ 17. Kd2 O-O-O 18. Rb1 Qe5 19. f4 Qb5 20. c4 Qa6 21.
Nc3 d5 22. cxd5 Qxd3+ 23. Kxd3 Bxd5 24. Kc2 Bxc3 25. Kxc3 Bxb3 26. Rxb3 Rd7 27.
Re3 Rg6 28. Kc2 Rc6+ 29. Rbc3 Rdc7 30. Rxc6 Rxc6+ 31. Kb2 Kd7 32. h3 b5 33. Re5
a6 34. Kb3 Kd6 35. Rh5 Kc7 36. Re5 Re6 37. Rc5+ Kd6 38. Rc3 a5 39. Rd3+ 0-1

[Event "Reykjavik Open 2018"]
[Site "Reykjavik ISL"]
[Date "2018.03.07"]
[Round "2.75"]
[White "Pedersen, Soren Sandmann"]
[Black "Larson, Gerald"]
[Result "0-1"]
[WhiteElo "1794"]
[BlackElo "2065"]
[WhiteFideId "30929717"]
[BlackFideId "2018756"]
[EventDate "2018.03.06"]

1. d4 Nf6 2. c4 g6 3. Nc3 d5 4. cxd5 Nxd5 5. e4 Nxc3 6. bxc3 Bg7 7. Nf3 c5 8.
Be3 Qa5 9. Qd2 cxd4 10. cxd4 Qxd2+ 11. Kxd2 O-O 12. Rb1 Rd8 13. Bd3 Nc6 14. d5
Na5 15. Ke2 f5 16. Rhc1 b6 17. Nd4 f4 0-1

[Event "Reykjavik Open 2018"]
[Site "Reykjavik ISL"]
[Date "2018.03.07"]
[Round "2.76"]
[White "Peoples, Jonathon"]
[Black "Thorsteinsson, Erlingur"]
[Result "0-1"]
[WhiteElo "1763"]
[BlackElo "2056"]
[WhiteFideId "2509520"]
[BlackFideId "2301091"]
[EventDate "2018.03.06"]

1. e4 d6 2. d4 Nf6 3. Nc3 Nbd7 4. Bc4 e5 5. Nf3 Be7 6. Ng5 O-O 7. Bxf7+ Rxf7 8.
Ne6 Qe8 9. Nxc7 Qd8 10. Nxa8 b6 11. O-O Ba6 12. Re1 Qxa8 13. dxe5 Nxe5 14. b3
Qc8 15. Nd5 Nxd5 16. exd5 Ng4 17. Be3 Bf6 18. c3 Qf5 19. Bd4 h5 20. Bxf6 Qxf2+
21. Kh1 Qxf6 22. Re8+ Kh7 23. Qc2+ g6 24. g3 Nf2+ 25. Kg2 Qf3+ 0-1

[Event "Reykjavik Open 2018"]
[Site "Reykjavik ISL"]
[Date "2018.03.07"]
[Round "2.77"]
[White "Holm, Fridgeir K"]
[Black "Diaz, Franck"]
[Result "1/2-1/2"]
[WhiteElo "1746"]
[BlackElo "2050"]
[WhiteFideId "2307324"]
[BlackFideId "639125"]
[EventDate "2018.03.06"]

1. e4 e5 2. Nf3 Nc6 3. Bc4 Nf6 4. d3 h6 5. O-O d6 6. h3 Na5 7. Bb3 g6 8. Ba4+
Bd7 9. Bxd7+ Qxd7 10. b4 Nc6 11. b5 Nd8 12. a4 Bg7 13. c4 Ne6 14. Be3 O-O 15.
Qd2 Kh7 16. Nh2 Nh5 17. Nc3 f5 18. f3 Nhf4 19. Ne2 a6 20. Kh1 Bf6 21. Rab1 Nxe2
22. Qxe2 axb5 23. axb5 Ra3 24. Rfd1 Rfa8 25. Nf1 Nf4 26. Qc2 Qf7 27. Bc1 Ra2 28.
Bb2 Bg5 29. Ra1 Rxa1 30. Rxa1 Rxa1 31. Bxa1 fxe4 32. dxe4 Qd7 33. Kh2 Ne6 34.
Bb2 Bf4+ 35. g3 Bg5 36. h4 Bd8 37. Qd2 Qf7 38. Qe2 g5 39. hxg5 Nxg5 40. Kg2 Qh5
41. Bc1 Ne6 42. Be3 Bg5 43. Bxg5 Nxg5 44. Kf2 Ne6 45. Qe3 Nd4 46. Kg2 Qf7 47.
Nd2 Qe6 48. Qd3 c6 49. bxc6 bxc6 50. Qa3 c5 51. Qa8 Qf6 52. Qe8 Kg7 53. Qd7+ Kg6
54. Qe8+ Qf7 55. Qd8 Qe6 56. Qh4 Nc2 57. Kf2 Qf6 58. Qg4+ Qg5 59. Qe6+ Qf6 60.
Qg8+ Qg7 61. Qxg7+ Kxg7 62. f4 exf4 63. gxf4 Kg6 64. Kg3 Nd4 65. Kg4 Ne2 66. e5
dxe5 67. fxe5 h5+ 68. Kh4 Kf5 69. Nb3 Kxe5 70. Nxc5 Kd4 71. Ne6+ Kxc4 72. Kxh5 1/2-1/2

[Event "Reykjavik Open 2018"]
[Site "Reykjavik ISL"]
[Date "2018.03.07"]
[Round "2.78"]
[White "Kumar, Naman"]
[Black "Steinthorsson, Birgir Logi"]
[Result "1-0"]
[WhiteElo "2045"]
[BlackElo "1062"]
[WhiteFideId "30908922"]
[BlackFideId "2312093"]
[EventDate "2018.03.06"]

1. e4 e5 2. Nf3 Nc6 3. Bc4 Bc5 4. c3 d6 5. O-O Bg4 6. d3 Bxf3 7. Qxf3 Qf6 8. Qh3
Nge7 9. a4 a6 10. Be3 O-O 11. Bxc5 dxc5 12. Qe3 b6 13. Nd2 Rfd8 14. f4 Rf8 15.
fxe5 Qxe5 16. Nf3 Nf5 17. Qg5 h6 18. Nxe5 hxg5 19. Nxc6 Ne3 20. Rf3 Nxc4 21.
Ne7+ Kh8 22. Rh3# 1-0

[Event "Reykjavik Open 2018"]
[Site "Reykjavik ISL"]
[Date "2018.03.07"]
[Round "2.79"]
[White "Fjallheim, Leif Reinert"]
[Black "Thorsteinsdottir, Hallgerdur"]
[Result "0-1"]
[BlackTitle "WFM"]
[WhiteElo "1737"]
[BlackElo "2041"]
[WhiteFideId "7201788"]
[BlackFideId "2302454"]
[EventDate "2018.03.06"]

1. e4 c6 2. d4 d5 3. Nc3 dxe4 4. Nxe4 Bf5 5. Ng3 Bg6 6. h4 h6 7. Nf3 Nd7 8. h5
Bh7 9. Bd3 Bxd3 10. Qxd3 e6 11. Bd2 Ngf6 12. O-O-O Be7 13. Qe2 O-O 14. Nf1 a5
15. g4 Nh7 16. Ng3 b5 17. Ne4 Ndf6 18. Nc5 Qd5 19. Kb1 Rad8 20. Bf4 Bxc5 21.
dxc5 Qxc5 22. Be3 Qb4 23. Rh4 Ne4 24. Rd3 Rxd3 25. Qxd3 Nhg5 26. c3 Nxc3+ 27.
Qxc3 Qxc3 28. bxc3 Nxf3 29. Rh3 Ne5 30. Rg3 Nc4 31. Bc1 Rd8 32. Kc2 f6 33. f4 e5
34. fxe5 Nxe5 35. Bf4 Nc4 36. Rg1 Kf7 37. Re1 Re8 38. Rd1 Re2+ 39. Kb1 Ke7 40.
Rd4 a4 41. Bc7 Rb2+ 42. Ka1 Rd2 43. Bd6+ Kf7 44. Rxd2 Nxd2 45. Bf4 Nc4 46. Kb1
Ne5 47. g5 hxg5 48. Bh2 Nc4 49. Kc2 f5 50. Kd3 Ke6 51. Kd4 f4 52. Ke4 Nd2+ 53.
Kd3 Nf1 54. Bg1 Ng3 55. c4 Nxh5 56. Kc3 f3 57. cxb5 cxb5 58. Kd3 g4 59. Ke4 g5
60. Bc5 Nf6+ 61. Ke3 f2 62. Ke2 g3 63. Kf1 Kf5 64. Kg2 Ke4 65. Bd6 Ng4 66. Bxg3
Ke3 67. Kf1 Kf3 68. Bf4 gxf4 69. a3 Ne3# 0-1

[Event "Reykjavik Open 2018"]
[Site "Reykjavik ISL"]
[Date "2018.03.07"]
[Round "2.80"]
[White "Henderson, S E"]
[Black "Arnarsson, Hrannar"]
[Result "0-1"]
[WhiteElo "1582"]
[BlackElo "2029"]
[WhiteFideId "2081679"]
[BlackFideId "2301121"]
[EventDate "2018.03.06"]

1. e4 e6 2. d4 d5 3. Nc3 dxe4 4. Nxe4 Nd7 5. Nf3 Ngf6 6. Bd3 Nxe4 7. Bxe4 Nf6 8.
Bd3 c5 9. c3 cxd4 10. Nxd4 a6 11. Qe2 Bc5 12. Nb3 Ba7 13. Bg5 Qd5 14. Bxf6 gxf6
15. O-O-O Qxg2 16. Kb1 h5 17. Be4 Qxf2 18. Qd3 Qb6 19. Qg3 Qe3 20. Qg2 Rb8 21.
h4 Ke7 22. Rhf1 b5 23. Rd3 Qh6 24. Rfd1 Bb6 25. Nd4 Bxd4 26. Rxd4 f5 27. Bf3 e5
28. Rd5 e4 29. Be2 Be6 30. R5d4 Rhd8 31. Qg3 f4 32. Qf2 f3 33. Bf1 Qg6 34. Qe3
Bf5 35. Kc1 Rxd4 36. Qxd4 Qh6+ 37. Rd2 Qf4 38. Kd1 Qc7 39. Qg7 Be6 40. Qd4 Rd8
41. Qxd8+ Qxd8 42. Rxd8 Kxd8 43. Kd2 Ke7 44. Ke3 Kd6 45. Kf4 Kc5 46. a3 a5 47.
a4 b4 48. Bb5 bxc3 49. bxc3 f5 50. Ke3 Kd6 51. Kf4 Bf7 52. Ke3 Ke7 53. Kd4 Be8
54. Bxe8 Kxe8 55. Ke3 f4+ 56. Kf2 Kd7 57. Ke1 e3 0-1

[Event "Reykjavik Open 2018"]
[Site "Reykjavik ISL"]
[Date "2018.03.07"]
[Round "2.81"]
[White "Tsanaclis, Albert"]
[Black "Mai, Aron Thor"]
[Result "0-1"]
[WhiteElo "1429"]
[BlackElo "1975"]
[WhiteFideId "2624834"]
[BlackFideId "2313383"]
[EventDate "2018.03.06"]

1. e4 c6 2. d4 d5 3. e5 Bf5 4. Nc3 e6 5. g4 Bg6 6. Nge2 c5 7. Be3 Nc6 8. h4 h5
9. Nf4 Bh7 10. Nxh5 cxd4 11. Bxd4 Bxc2 12. Qxc2 Nxd4 13. Qa4+ Nc6 14. Bb5 Ne7
15. Nf6+ gxf6 16. exf6 Qc7 17. fxe7 Bxe7 18. h5 Rc8 19. f4 Qb6 20. O-O-O a6 21.
Bxc6+ bxc6 22. Rhe1 Rb8 23. Re2 Kf8 24. a3 Bf6 25. Qc2 Qc5 26. Na4 Qb5 27. Qc5+
Be7 28. Qc3 Kg8 29. Qc2 a5 30. Rh2 Qb3 31. Qxc6 Qe3+ 32. Rdd2 Qxf4 33. Rf2 Qe4
34. Qc7 Qc4+ 35. Qxc4 dxc4 36. Rc2 Rc8 37. Nb6 Rc5 38. Rxc4 Kg7 39. Rfc2 Rb5 40.
Rc6 Rd8 41. R2c4 Re5 42. Kc2 Bf6 43. Kb3 Rd2 44. Rc2 Rb5+ 45. Ka4 Rxb6 46. Rxd2
Rxc6 47. Kxa5 Rc3 48. Rg2 Rb3 49. g5 Bxb2 50. g6 f5 51. h6+ Kxh6 52. g7 Bxg7 53.
a4 f4 54. Ka6 f3 55. Rg3 f2 56. Rxb3 f1=Q+ 57. Rb5 Qc4 58. a5 Bd4 0-1